Die Totentexte des verschollenen Sarges der Königin Mentuhotep aus der 13. Dynastie : ein Textzeuge aus der Übergangszeit von den Sargtexten zum Totenbuch /

محفوظ في:

المؤلف الرئيسي: Geisen, Christina.

التنسيق: كتاب

اللغة: German

منشور في: Wiesbaden : Harrassowitz, 2004.

سلاسل: Studien zum Altägyptischen Totenbuch ; 8.
SAT ; 8.

الموضوعات:

الوسوم: إضافة وسم

لا توجد وسوم, كن أول من يضع وسما على هذه التسجيلة!

رقم الطلب: PJ1555.1 .S8 v.8

LEADER 00936nam a22002537a 4500
003 OSt
005 20251020123759.0
008 251020t2004 gw af b 000 0 ger d
020 |a 3447047798 (pbk.) 
040 |c ARCE Library 
050 1 4 |a PJ1555.1  |b .S8 v.8 
100 1 |a Geisen, Christina. 
245 1 4 |a Die Totentexte des verschollenen Sarges der Königin Mentuhotep aus der 13. Dynastie :   |b ein Textzeuge aus der Übergangszeit von den Sargtexten zum Totenbuch /   |c Christina Geisen. 
264 1 |a Wiesbaden :   |b Harrassowitz,   |c 2004. 
300 |a xii, 167 p., [3] p. of plates :   |b ill. (some col.) ;   |c 30 cm. 
490 0 |a Studien zum Altägyptischen Totenbuch ;   |v 8. 
490 0 |a SAT ;   |v 8. 
504 |a Includes bibliographical references (p. [159]-167). 
610 2 0 |a Temple of Mentuhotep II (Egypt). 
630 0 0 |a Coffin texts. 
650 0 |a Incantations, Egyptian. 
901 |a reviewed 
942 |2 lcc  |c BK 
999 |c 50152  |d 50152